=LDR 00000nam 2200000 4500 =001 INLIS000000000014922 =005 20130612110214 =008 ***********************************Ind** =035 ##$$0010-061300000014922 =041 ##$$a Ind =082 ##$$a 750 =090 ##$$a 750, Ala s =100 ##$$a Alam Hudin, Firdaus =245 ##$$a Senilukis bulu: mengolah limbah menjadi karya seni, Firdaus Alamhudi =260 ##$$a 2000 $b ayogyakarta =300 ##$$a 112 Hlm, Ilus, 23 Cm =650 ##$$a Seni lukis =850 ##$$a NBPNMAT